Archivmaterialien zu Wolfgang Kersting, 1946-2025

Gespeichert in:  
Bibliographische Detailangaben
1. VerfasserIn: Kersting, Wolfgang 1946-2025 (Verfasst von)
Medienart: Elektronisch Archivmaterial
Sprache:Deutsch
In:Jahr: 2019
Online-Zugang: Archivdatenbank (Kalliope Verbundkatalog)
Verfügbarkeit prüfen: HBZ Gateway

MARC

LEADER 00000npc a22000002 4500
001 LR11570499X
003 PipeLineGenerated
005 20260508112529.0
008 190606s2019 xx ||||| 00| ||ger c
100 |a Kersting, Wolfgang  |0 (DE-588)11570499X  |0 (DE-627)077417593  |d 1946-2025 
245 |a Archivmaterialien zu Wolfgang Kersting, 1946-2025 
856 |u https://kalliope-verbund.info/gnd/11570499X  |3 Archivdatenbank (Kalliope Verbundkatalog) 
ELC |a 1